| 000 | 02515cam a2200397 i 4500 | ||
|---|---|---|---|
| 999 |
_c79405 _d316682 |
||
| 001 | 1005991203 | ||
| 003 | OCoLC | ||
| 005 | 20210304193909.0 | ||
| 007 | ta | ||
| 008 | 171013s2018 mouac b 001 0 eng | ||
| 010 | _a2017470855 | ||
| 020 | _a9780323445672 (paperback) | ||
| 020 | _a0323445675 (paperback) | ||
| 035 |
_a(OCoLC)1005991203 _z(OCoLC)973114422 _z(OCoLC)973304492 _z(OCoLC)973371130 _z(OCoLC)973533706 _z(OCoLC)973766779 _z(OCoLC)973797141 _z(OCoLC)979561306 _z(OCoLC)1008839285 |
||
| 040 |
_aNLM _beng _erda _cNLM _dAIC _dBTCTA _dBDX _dYDX _dPWT _dOCLCF _dNEH _dQGK _dIOJ _dOHS _dUPM _dMDU _dIAX _dIBI _dUWO _dOCLCO _dDLC _dOCLCA _dPBF |
||
| 042 | _apcc | ||
| 050 | 4 |
_aRM700 _b.C276 2018 |
|
| 060 | 0 | 0 | _a2018 B-084 |
| 060 | 1 | 0 | _aWB 460 |
| 082 | 0 | 4 |
_a615.82 _223 _bCMP |
| 100 | 1 |
_aCameron, Michelle H., _eauthor. _988303 |
|
| 245 | 1 | 0 |
_aPhysical agents in rehabilitation : _ban evidence-based approach to practice / _cMichelle H. Cameron. |
| 250 | _aFifth edition. | ||
| 264 | 1 |
_aSt. Louis, Missouri : _bElsevier, _c[2018] |
|
| 300 |
_axi, 448 pages : _billustrations, portraits ; _c28 cm |
||
| 504 | _aIncludes bibliographical references and index. | ||
| 505 | 0 | _aIntroduction to physical agents. The physiology of physical agents -- Physical agents in clinical practice -- Pathology and patient problems. Inflammation and tissue repair -- Pain and pain management -- Tone abnormalities -- Motion restrictions -- Thermal agents. Introduction to thermal agents -- Superficial cold and heat -- Ultrasound -- Diathermy -- Electrical currents. Introduction to electrotherapy -- Electrical currents for muscle contractions -- Electrical currents for pain control -- Electrical currents for soft tissue healing -- Electromyographic (EMG) Biofeedback -- Electromagnetic Agents. Lasers and light -- Ultraviolet therapy -- Mechanical agents. Hydrotherapy -- Traction -- Compression. | |
| 520 | _aProvides support for how physical agent modalities are discussed in the classroom and used in clinical rehabilitation practice to improve patient outcomes. This new edition brings the ideal balance of evidence and practical instruction to the learning and practice of physical agents in rehabilitation. | ||
| 650 | 1 | 2 |
_aPhysical Therapy Modalities. _988304 |
| 650 | 2 | 2 |
_aPhysical Therapy Modalities _xinstrumentation. _988305 |
| 650 | 2 | 2 |
_aRehabilitation _xmethods. _918519 |
| 650 | 2 | 2 |
_aEvidence-Based Practice. _917622 |
| 650 | 0 |
_aPhysical therapy. _988306 |
|
| 650 | 0 |
_aMedicine, Physical. _910218 |
|
| 942 |
_2ddc _cBOOK |
||